书目信息 |
| 题名: |
望桐集
|
|
| 作者: | 王晴飞 著 | |
| 分册: | ||
| 出版信息: | 北京 北京大学出版社 2017 |
|
| 页数: | 254页 | |
| 开本: | 23cm | |
| 丛书名: | 中国现代文学馆青年批评家丛书 | |
| 单 册: | ||
| 中图分类: | I206.6-53 | |
| 科图分类: | ||
| 主题词: | 中国文学--现代文学--文学研究--文集 , 中国文学--当代文学--文学研究--文集 | |
| 电子资源: | ||
| ISBN: | 978-7-301-27354-8 | |
| 000 | 00720oam2 2200241 450 | |
| 001 | 2226 | |
| 005 | 20180522173230.12 | |
| 010 | @a978-7-301-27354-8@dCNY40.00 | |
| 100 | @a20170427d2017 em y0chiy50 ea | |
| 101 | 0 | @achi |
| 102 | @aCN@b110000 | |
| 105 | @ay z 000yy | |
| 200 | 1 | @a望桐集@9wang tong ji@f王晴飞著 |
| 210 | @a北京@c北京大学出版社@d2017 | |
| 215 | @a254页@d23cm | |
| 225 | 2 | @a中国现代文学馆青年批评家丛书@h第三辑 |
| 461 | 0 | @12001 @a中国现代文学馆青年批评家丛书 |
| 606 | 0 | @a中国文学@x现代文学@x文学研究@j文集 |
| 606 | 0 | @a中国文学@x当代文学@x文学研究@j文集 |
| 690 | @aI206.6-53@v5 | |
| 701 | 0 | @a王晴飞@9wang qing fei@4著 |
| 801 | 0 | @aCN@b91MARC@c20170427 |
| 905 | @aMuseLib@dI206.6-53@e236 | |
| 望桐集/王晴飞著.-北京:北京大学出版社,2017 |
| 254页;23cm.-(中国现代文学馆青年批评家丛书.第三辑) |
| ISBN 978-7-301-27354-8:CNY40.00 |
| ● |
| 相关链接 |
|
|
|
|
正题名:望桐集
索取号:I206.6-53/236
 
预约/预借
| 序号 | 登录号 | 条形码 | 馆藏地/架位号 | 状态 | 备注 |
| 1 | 1108452 | 211084529 | 第一样本阅览室/ [索取号:I206.6-53/236] | 在馆 | |
| 2 | 1108453 | 211084538 | 教育系资料室/ [索取号:I206.6-53/236] | 在馆 | |
| 3 | 1108454 | 211084547 | 教育系资料室/ [索取号:I206.6-53/236] | 在馆 | |
| 4 | 1108455 | 211084556 | 第二借阅区/ [索取号:I206.6-53/236] | 在馆 |